• 首页
  • 本馆介绍
  • 公告通知
  • 最新文献
  • 馆藏检索
  • 电子资源
  • 读者导购
  • 参考咨询
  • 我的图书馆
  • 登录
  • 详细信息显示
  • 放入我的书架
  • 预约/预借图书
  • 作者相关作品
  • 分类相关作品
  • 丛书相关作品
  • 出版社相关作品

书目信息

  • 表格格式
  • 工作单格式
  • 卡片格式
题名:
数型
    
 
作者: 约翰逊 , 格伦 著 ;戴昌钧 , 郑学侠 译
分册:  
出版信息: 北京   科学出版社  1981
页数: 58页
开本: 19cm
丛书名:
单 册:
中图分类: O156.1
科图分类:
主题词: 代数 , 数论 , 模型论 , 组合数学
电子资源:
ISBN:
000 00824nam0 2200301 45
001 0181010112
005 20060808160005.18
010    @dCNY0.20
091    @a13031.1752
100    @a19950706d1981 em y0chiy0121 ea
101 1  @achi@ceng
102    @aCN@b110000
105    @ay z 000yy
200 10 @a数型@Ashu xing@f(英)W·H·格伦,D·A·约翰逊著@F(ying)W·H·ge lun,D·A·yue han xun zhu@g戴昌钧,郑学侠译
210    @a北京@c科学出版社@d1981
215    @a58页@d19cm
606 0  @a代数
606 0  @a数论
606    @a模型论
606 0  @a组合数学
690    @aO156.1
701  0 @a约翰逊@Ayue han xun@4著
701  0 @a格伦@Age lun@4著
702  0 @a戴昌钧@Adai chang jun@4译
702  0 @a郑学侠@Azheng xue xia@4译
801  0 @aCN@b上海图书馆@c20060808
801  2 @aCN@bNLC@c20051208
905    @dO156.1@e13
    
    数型/(英)W·H·格伦,D·A·约翰逊著/戴昌钧,郑学侠译.-北京:科学出版社,1981
    58页;19cm
    
    
    ISBN :CNY0.20
    
●
相关链接 在E读中查询图书 在五车中查询图书 在当当中查询图书 在豆瓣中查询图书


正题名:数型     索取号:O156.1/13         预约/预借

序号 登录号 条形码 馆藏地/架位号 状态 备注
1 0055243   000414947   第二样本阅览室/ [索取号:O156.1/13] 在馆    
2 0055244   001697907   第三借阅区/ [索取号:O156.1/13] 在馆    
3 0055245   000414938   密集书库/ [索取号:O156.1/13] 在馆    
4 0055246   202164898   密集书库/ [索取号:O156.1/13] 在馆    
5 0449846   204498463   密集书库/ [索取号:O156.1/13] 在馆    
唐山师范学院图书馆 欢迎您!
大连网信软件有限公司© 版权所有